000 00579nam a2200169 a 4500
001 60209
005 20180714061402.0
008 140415s2010 000 0 eng d
020 _a9789264091467
041 _aeng
082 _a371.264
_bPIS
245 0 0 _aPISA 2009 RESULTS :
_bOVERCOMING SOCIAL BACKGROUND: EQUITY INLEARNING OPPORTUNITIES AND OUTCOMES
250 _a1a ed.
260 _aPARIS :
_bOECD,
_c2010,
300 _a32
650 1 4 _aMEDICIONES Y PRUEBAS EDUCATIVAS
_xEVALUACIN EDUCATIVA
_xESTUDIOS INTERCULTURALES
_xADMINISTRACIN ESCOLAR
_xESCOLAR
999 _c60209
_d60209